| 000 | 00736nam a2200181 i 4500 | ||
|---|---|---|---|
| 001 | 157546 | ||
| 003 | ES-MaACL | ||
| 005 | 20240501063050.0 | ||
| 008 | 040830m18981907it |||| | ita d | ||
| 040 |
_aCAM _bspa _cCAM |
||
| 100 | 1 |
_aLeopardi, Giacomo, _d1798-1837 _971704 |
|
| 245 | 1 | 0 |
_aPensieri di varia filosofia e di bella letteratura / _cdi Giacomo Leopardi. |
| 260 |
_aFirenze : _bSuccessori Le Monnier, _c1898-1907. |
||
| 300 |
_a7 v. (481; 485; 483; 439; 437; 457; 485 p.) ; _c19 cm. |
||
| 597 | _aT.I: 1898; T.II: 1900: T.III: 1901; T.IV: 1905; T.V: 1906 T.VI: 1906; TVII: 1907. | ||
| 852 |
_aES-MaACL _jD-3516 y D-2378-2383 _z-- Enc. hol. (t.I) y rĂºst. muy deteriorada (el resto) |
||
| 999 |
_c157546 _d157546 |
||